00410nam a2200157Ia 45000010006000000050017000060080041000230410008000640820015000721000091000872450042001782600009002203000007002296500008002366540008002441591820260306170231.0260306t2011||||xx |||||||||||||| ||und|| aESP a620.8bP87 aUniversidad Católica San Pablo. Programa Profesional de Ingeniería IndustrialeAUT 0aManual de seguridad en el laboratorio c2011 ac aGEN aCII